LEADER 01157nam a2200253 4500 001 000000345292 003 CaOOAMICUS 005 20210409105638.0 008 210409s2017 it a 000 u ita r 020 $a978-88-575-4269-0 040 $aSeMil$bita 245 00$aBrand Milano :$batlante della nuova narrativa identitaria /$ca cura di Stefano Rolando. 264 1$aMilano ;$aUdine :$bMimesis,$c2017. 300 $a349 p. :$bill. ;$c26 cm 650 4$aMilano - Urbanistica.$0(OLS)http://semarc/subject/10280 700 1 $aRolando, Stefano,$d<1948- >.$0(OLS)http://semarc/name/72958 710 0 $aComitato scientifico degli atenei milanesi.$0(OLS)http://semarc/name/113451 710 0 $aAssociazione Brand Milano.$0(OLS)http://semarc/name/113452 850 $aSeMil 852 $aSeMil$W1$xVenegono$y1$m3O V 80$j225573$B236386$CSeMilBibl$Z2$F236386 $81 996 $6020$a978-88-575-4269-0$9(OLS)http://semarc/number/292847 996 $6245$aBrand Milano :$batlante della nuova narrativa identitaria$9(OLS)http://semarc/title/434420 996 $6264$aMilano ;$aUdine :$bMimesis$9(OLS)http://semarc/publisher/39598 LEADER 01192nam a2200265 i 4500 001 000000111341 003 CaOOAMICUS 005 20030116000000.0 008 030116s1977 sp u000 u spa u 013 $a84023 040 $aSeMil$bita 100 1 $aAntón, Angel,$c.$0(OLS)http://semarc/name/10629 245 13$aLa iglesia de Cristo :$bel Israel de la vieja y de la nueva alianza /$cpor Angel Anton. 260 $aMadrid :$bBiblioteca de autores cristianos,$c1977. 300 $aXXIII, 819 p. ;$c24 cm. 490 0 $aBiblioteca de autores cristianos. Serie maior ;$v15 500 $aFondo Card. C.M. Martini. 650 4$aEcclesiologia - Manuali.$0(OLS)http://semarc/subject/19199 830 0$aBiblioteca de autores cristianos. Serie maior ;$v15.$0(OLS)http://semarc/title/162030 850 $aSeMil 852 $aSeMil$W1$xVenegono$y1$m2B V 169$j67176$B67176$CSeMilBibl$Z2$F103251 $81 941 1 $a4 961 $aOmaggio: Martini Card. Carlo Maria 996 $6245$aLa iglesia de Cristo :$bel Israel de la vieja y de la nueva alianza$9(OLS)http://semarc/title/162029 996 $6260$aMadrid :$bBiblioteca de autores cristianos$9(OLS)http://semarc/publisher/29784